000 00262nam a22001217a 4500
008 180925b xxu||||| |||| 00| 0 eng d
041 _aeng
080 _a159.9
100 _a49
101 _aPSI
245 _aDictionary of Psychology
_cColman
942 _2udc
_cBK
999 _c48433
_d48433